000 01620nam a2200301 a 4500
001 BRCA_2806
005 20190320203958.0
008 081208s1905----sp-a---###---#000-0#spa-u
041 _aspa
044 _asp
084 _a256
_b.T37
_c1905
100 1 _aCervantes Saavedra, Miguel de
_d1547-1616
_9213
245 1 0 _aEl Ingenioso Hidalgo Don Quijote de la Mancha
_cpor Miguel de Cervantes Saavedra.
260 _aBarcelona
_bLuis Tasso Serra
_c1905
300 _a2 v.
_bil. (a color)
_c35 cm.
500 _aContenido : v 1. Primera parte. Dedicatoria del autor. Prólogo del autor. Versos preliminares. Texto. -- v 2. Segunda parte. Prólogo del autor.
500 _aEdición : Edición adornada con más de 350 acuarelas de Salvador Tusell, sacadas de las célebres composiciones de Gustavo Doré
500 _aEdición monumental barcelonesa. Magníficamente impresa en cromotipía, reproducción fidelísima de 372 bellísimas acuarelas, copiadas de los famosos dibujos de G. Doré. Edición conmemorativa del tricentenario de la primera parte de la novela. Semipiel; lomeras y tapas decoradas con motivos quijotiles y adornos dorados Lúdovik Osterc
500 _aEstado físico : Lomo y cubierta desprendidas, así como primeras hojas sueltas
500 _aQM1008
650 1 4 _aNovela española
_yÉpoca clásica, 1500-1700
_9215
650 1 4 _aLiteratura española
_yÉpoca clásica, 1500-1700
_9216
650 1 4 _aNovela española
_ySiglo XVII
_9217
650 1 4 _aDon Quijote (Personaje ficticio)
_eNovela
_9218
740 0 _aEl Ingenioso Hidalgo Don Quijote de la Mancha
902 _aQFM
942 _2lcc
_cB
999 _c2546
_d2546